000 01261cam a2200241 4500
001 ##L134497
008 060811n2006 000 0 eng u
035 _a(Sirsi) u134497
041 0 _aeng
050 0 4 _a711.1 $2 18
110 2 _aThe Law Society of England and Wales
_bPlanning and Environment Law Committee
_95009
245 0 0 _aPlanning obligation by deed of agreement under section 106 of the Town and Country Planning Act 1990
260 _aLondon
_bLaw Sociey of England and Wales
_c2006
520 _aThis model s106 agreement has been prepared by the Law Society's Planning and Environmental Law Committee for use by all parties involved in the planning obligations process. Guidance on the use of this agreement is to be found in Annex B para B36 of ODPM Circular 5/2005 "Planning obligations" (L130407).
590 _aIKA220806 NTK, KA
650 2 4 _aTOWN AND COUNTRY PLANNING ACT 1990 S106
650 2 4 _aAffordable housing
_96215
650 2 4 _aODPM CIRCULAR 05/2005
651 4 _aEngland
_y886-
690 _aENVIRONMENTAL AND LAND CONSULTANCY-PLANNING AND DEVELOPMENT-PLANNING GUIDANCE
856 4 0 _uhttps://www.communities.gov.uk/index.asp?id=1500832
_zView the model agreement free of charge at www.communities.gov.uk...
942 _n0
999 _c105701
_d105701